Návrh kalového hospodárstva čistiarne odpadových vôd s anaeróbnou stabilizáciou bakaláráska práca

Na minha lista:
Detalhes bibliográficos
Autor principal: Božoňová, Michaela
Formato: Livro
Idioma:eslovaco
Publicado em: Bratislava STU FCHPT 2017
Acesso em linha:View in OPAC
Tags: Adicionar Tag
Sem tags, seja o primeiro a adicionar uma tag!

MARC

LEADER 00000nam a2200000 a 4500
005 20260127134310.0
008 171127 2017 xo 001 0 slo d
035 |a vtls011722651 
039 9 |y 201711271152  |z mschk03 
040 |a STUSCHK1  |b slo  |c STUSCHK1  |e AACR2 
100 1 |a Božoňová, Michaela 
245 1 |a Návrh kalového hospodárstva čistiarne odpadových vôd s anaeróbnou stabilizáciou  |b bakaláráska práca  |c Michaela Božoňová 
260 |a Bratislava  |b STU FCHPT  |c 2017 
300 |a 67 s.  |b il.  |c 25 cm 
500 |a Študijný program: chemické inžinierstvo 
500 |a Študijný odbor: chemické inžinierstvo 
500 |a Školiace pracovisko: Oddelenie environmentálneho inžinierstva 
500 |a Evid. číslo: FCHPT-5431-63952 
910 |a SCHK95 
999 |c 9160  |d 9160